| Tag |
First Indicator |
Second Indicator |
Subfields |
| LEADER |
00000cam a22000001a 4500 |
| 001 |
in00004100596 |
| 005 |
20200117091324.0 |
| 006 |
m d f |
| 007 |
cr bn mmmapmmp |
| 008 |
110301s2010 dcu o f000 0 eng d |
| 035 |
|
|
|a chdc201000164
|
| 040 |
|
|
|a UMI
|c UMI
|d UtOrBLW
|
| 042 |
|
|
|a pcc
|
| 043 |
|
|
|a n-us---
|
| 074 |
|
|
|a 1012-C-01
|
| 086 |
0 |
|
|a Y 4.AR 5/2A: 2009-2010/57
|
| 088 |
|
|
|a H.A.S.C. no. 111-57
|
| 110 |
1 |
|
|a United States.
|b Congress.
|b House.
|b Committee on Armed Services.
|b Strategic Forces Subcommittee.
|0 http://id.loc.gov/authorities/names/no2004027282
|
| 245 |
1 |
0 |
|a Hearing on National Defense Authorization Act for Fiscal Year 2010 and oversight of previously authorized programs before the Committee on Armed Services, House of Representatives, One Hundred Eleventh Congress, first session :
|b Strategic Forces Subcommittee hearing on budget request for Department of Energy atomic energy defense activities, hearing held May 13, 2009.
|
| 246 |
3 |
0 |
|a Strategic Forces Subcommittee hearing on budget request for Department of Energy atomic energy defense activities
|
| 246 |
3 |
0 |
|a Budget request for Department of Energy atomic energy defense activities
|
| 264 |
|
1 |
|a Washington :
|b U.S. G.P.O.,
|c 2010.
|
| 264 |
|
2 |
|a Washington :
|b For sale by the Supt. of Docs., U.S. G.P.O.
|
| 300 |
|
|
|a iii, 132 pages, digital, PDF file.
|
| 336 |
|
|
|a text
|b txt
|2 rdacontent
|
| 337 |
|
|
|a computer
|b c
|2 rdamedia
|
| 338 |
|
|
|a online resource
|b cr
|2 rdacarrier
|
| 500 |
|
|
|a Shipping list number: 2010-0357-P.
|
| 500 |
|
|
|a "H.A.S.C. number 111-57."
|
| 500 |
|
|
|a Record is based on bibliographic data in ProQuest Congressional Hearings Digital Collection. Reuse except for individual research requires license from ProQuest, LLC.
|
| 500 |
|
|
|a Electronic resource.
|
| 533 |
|
|
|a Electronic reproduction.
|b [Bethesda, Md.] :
|c ProQuest,
|d 2010.
|e digital, PDF file.
|n ProQuest U.S. Congressional Hearings Digital Collection.
|n Mode of access: World Wide Web via ProQuest website.
|
| 538 |
|
|
|a System requirements: PDF reader software.
|
| 610 |
1 |
0 |
|a United States.
|b Department of Energy
|x Appropriations and expenditures.
|
| 650 |
|
0 |
|a Nuclear facilities
|x Security measures
|z United States
|x Finance.
|
| 650 |
|
0 |
|a Radioactive wastes
|x Management.
|0 http://id.loc.gov/authorities/subjects/sh2010109364
|
| 650 |
|
0 |
|a Radioactive substances
|z United States
|x Management
|x Finance.
|
| 650 |
|
0 |
|a Nuclear terrorism
|z United States
|x Prevention.
|0 http://id.loc.gov/authorities/subjects/sh2010103950
|
| 776 |
0 |
8 |
|i Print version:
|a United States. Congress. House. Committee on Armed Services. Strategic Forces Subcommittee.
|t Hearing on National Defense Authorization Act for Fiscal Year 2010 and oversight of previously authorized programs before the Committee on Armed Services, House of Representatives, One Hundred Eleventh Congress, first session
|w 9780160862694
|w 0160862698
|w (OCoLC)ocn651971998
|z 2010551148
|
| 776 |
0 |
8 |
|i Microfiche version:
|a United States. Congress. House. Committee on Armed Services. Strategic Forces Subcommittee.
|t Hearing on National Defense Authorization Act for Fiscal Year 2010 and oversight of previously authorized programs before the Committee on Armed Services, House of Representatives, One Hundred Eleventh Congress, first session
|d [Bethesda, Md.] : ProQuest,[2010]
|o CIS 2010 H201-92
|w (ProQuest)cis01000211
|
| 856 |
4 |
0 |
|u http://proxy.library.tamu.edu/login?url=http://search.proquest.com/congcomp/getdoc?HEARING-ID=HRG-2009-ASH-0046
|y Electronic resource (PDF)
|t 0
|
| 998 |
|
|
|a cis01000211
|
| 999 |
f |
f |
|s c6e60dd7-bd25-38f0-a21b-c586012de2be
|i cfe9f101-687c-3810-bc2f-c1ec09585350
|t 0
|
| 952 |
f |
f |
|a Texas A&M University
|b College Station
|c Electronic Resources
|d Available Online
|t 0
|e Y 4.AR 5/2A: 2009-2010/57
|h Superintendent of Documents classification
|
| 998 |
f |
f |
|a Y 4.AR 5/2A: 2009-2010/57
|t 0
|l Available Online
|